[Event "POL-chT U19 46th"]
[Site "Ustron"]
[Date "2015.08.02"]
[Round "9.28"]
[White "Jobda, Rafal"]
[Black "Wikar, Rafal"]
[Result "1/2-1/2"]
[WhiteElo "1592"]
[BlackElo "1417"]
[PlyCount "105"]
[EventDate "2015.07.25"]
[EventType "team-tourn"]
[EventRounds "9"]
[EventCountry "POL"]
[SourceTitle "EXT 2018"]
[Source "ChessBase"]
[SourceDate "2017.10.13"]
[SourceVersion "1"]
[SourceVersionDate "2017.10.13"]
[SourceQuality "1"]
[WhiteTeam "Katowice Hetman Szopienice U19"]
[BlackTeam "Trzebinia UKS Hetman Koronny U19 II"]
[WhiteTeamCountry "POL"]
[BlackTeamCountry "POL"]

1. e4 e5 2. Nf3 Nc6 3. Bc4 Bc5 4. d3 d6 5. Nc3 Bg4 6. Be3 Bb6 7. Nd5 Nf6 8. Nxb6 axb6 9. c3 h6 10. Bb3 0-0 11. Qd2 Qd7 12. h3 Be6 13. Bxe6 fxe6 14. Qc2 d5 15. 0-0 Rae8 16. Rad1 Rd8 17. Rfe1 Rfe8 18. Bc1 Kh8 19. a4 Qf7 20. b3 Nd7 21. d4 exd4 22. Nxd4 Nxd4 23. Rxd4 Nf6 24. exd5 exd5 25. Rdd1 Rxe1+ 26. Rxe1 Re8 27. Rxe8+ Qxe8 28. Be3 Qe6 29. Qd3 Qe4 30. Qxe4 Nxe4 31. Bf4 c6 32. Bc7 Nxc3 33. Bxb6 Ne4 34. f3 Nd6 35. Kf2 Kg8 36. Ke3 Kf7 37. g4 Ke6 38. Bc5 g6 39. Bd4 h5 40. Bc5 hxg4 41. hxg4 Nc8 42. a5 Nd6 43. Bxd6 Kxd6 44. b4 Ke6 45. f4 Kf6 46. Kd3 Ke7 47. Ke3 Kf6 48. Kd4 Ke6 49. Kc5 Kd7 50. b5 cxb5 51. Kxd5 Kc7 52. Kd4 g5 53. Kc5 1/2-1/2

[Event "POL-chT U19 46th"]
[Site "Ustron"]
[Date "2015.08.01"]
[Round "8.4"]
[White "Wikar, Rafal"]
[Black "Mis, Mieszko"]
[Result "0-1"]
[WhiteElo "1417"]
[BlackElo "1806"]
[PlyCount "50"]
[EventDate "2015.07.25"]
[EventType "team-tourn"]
[EventRounds "9"]
[EventCountry "POL"]
[SourceTitle "EXT 2018"]
[Source "ChessBase"]
[SourceDate "2017.10.13"]
[SourceVersion "1"]
[SourceVersionDate "2017.10.13"]
[SourceQuality "1"]
[WhiteTeam "Trzebinia UKS Hetman Koronny U19 II"]
[BlackTeam "Czarna LKSz GCKiP U19"]
[WhiteTeamCountry "POL"]
[BlackTeamCountry "POL"]

1. e4 c5 2. Nf3 Nc6 3. d4 cxd4 4. Nxd4 Nf6 5. Nc3 d6 6. Bg5 e6 7. Qd2 a6 8. 0-0-0 Bd7 9. Bxf6 gxf6 10. f4 b5 11. Kb1 Qb6 12. Nxc6 Bxc6 13. f5 b4 14. Ne2 e5 15. Ng3 h5 16. h4 Qc5 17. Qe2 Bb5 18. Qf3 Rc8 19. Rd2 Bh6 20. Bxb5+ axb5 21. Re2 Ra8 22. Qd3 Ke7 23. c3 Rxa2 24. Kxa2 Qa7+ 25. Kb3 Qa4# 0-1

[Event "POL-chT U19 46th"]
[Site "Ustron"]
[Date "2015.07.31"]
[Round "7.28"]
[White "Wikar, Rafal"]
[Black "Szczurek, Krzysztof"]
[Result "0-1"]
[WhiteElo "1417"]
[BlackElo "1916"]
[PlyCount "98"]
[EventDate "2015.07.25"]
[EventType "team-tourn"]
[EventRounds "9"]
[EventCountry "POL"]
[SourceTitle "EXT 2018"]
[Source "ChessBase"]
[SourceDate "2017.10.13"]
[SourceVersion "1"]
[SourceVersionDate "2017.10.13"]
[SourceQuality "1"]
[WhiteTeam "Trzebinia UKS Hetman Koronny U19 II"]
[BlackTeam "Krakow KKSz U19"]
[WhiteTeamCountry "POL"]
[BlackTeamCountry "POL"]

1. e4 c5 2. Nf3 Nc6 3. d4 cxd4 4. Nxd4 e5 5. Nb3 Nf6 6. Nc3 Bb4 7. Bd3 d6 8. Bd2 Be6 9. a3 Bxb3 10. cxb3 Bc5 11. b4 Bb6 12. 0-0 0-0 13. Bg5 h6 14. Bh4 Bd4 15. Bxf6 Qxf6 16. Nd5 Qd8 17. Qd2 Ne7 18. Nxe7+ Qxe7 19. Rac1 Rad8 20. Bc4 Kh8 21. Kh1 f5 22. f3 f4 23. Qe2 Rf6 24. b5 Rg6 25. a4 Rg5 26. b3 Rh5 27. h3 Qd7 28. Bd5 Be3 29. Rcd1 Rf8 30. Bc4 Rf6 31. Rb1 Rg6 32. Qa2 Rxg2 33. Qxg2 Rxh3+ 34. Qh2 Rxh2+ 35. Kxh2 Qe7 36. Rb2 Qg5 37. Kh1 Qe7 38. Bd5 Qc7 39. Rg2 g5 40. Rh2 Kg7 41. Rg2 Qc8 42. Kh2 Kf6 43. Re1 h5 44. Kh1 Qh3+ 45. Rh2 Qxf3+ 46. Rg2 h4 47. Kh2 h3 48. Rge2 Qg3+ 49. Kh1 f3 0-1

[Event "POL-chT U19 46th"]
[Site "Ustron"]
[Date "2015.07.30"]
[Round "6.10"]
[White "Chyzy, Jakub"]
[Black "Wikar, Rafal"]
[Result "1-0"]
[WhiteElo "1565"]
[BlackElo "1417"]
[PlyCount "45"]
[EventDate "2015.07.25"]
[EventType "team-tourn"]
[EventRounds "9"]
[EventCountry "POL"]
[SourceTitle "EXT 2018"]
[Source "ChessBase"]
[SourceDate "2017.10.13"]
[SourceVersion "1"]
[SourceVersionDate "2017.10.13"]
[SourceQuality "1"]
[WhiteTeam "Gorzow Wielkopolski Stilon U19"]
[BlackTeam "Trzebinia UKS Hetman Koronny U19 II"]
[WhiteTeamCountry "POL"]
[BlackTeamCountry "POL"]

1. e4 e5 2. Nf3 Nc6 3. Bb5 a6 4. Ba4 Nf6 5. 0-0 Nxe4 6. d4 exd4 7. Re1 d5 8. Nxd4 Bd6 9. g3 Be6 10. Nxc6 Qd7 11. c4 bxc6 12. cxd5 Bxd5 13. Nc3 Bb4 14. f3 Bc5+ 15. Kg2 0-0-0 16. fxe4 Bxe4+ 17. Nxe4 Qf5 18. Qf3 Qxf3+ 19. Kxf3 Rd3+ 20. Be3 Bxe3 21. Rxe3 Rd4 22. Bb3 Rf8 23. Rd1 1-0